| 000 | 01766nam a22002417a 4500 | ||
|---|---|---|---|
| 003 | OSt | ||
| 005 | 20260512145812.0 | ||
| 008 | 260512b |||||||| |||| 00| 0 eng d | ||
| 020 | _a9781138887282 | ||
| 040 | _aKenya National Library Service | ||
| 082 | _a107.2 EXP | ||
| 245 |
_aExperimental philosophy, rationalism, and naturalism : _brethinking philosophical method / _cedited by Eugen Fischer and John Collins. |
||
| 300 |
_aviii, 302 pages ; _c24 cm. |
||
| 504 | _aIncludes bibliographical references and index. | ||
| 520 | _aExperimental philosophy is one of the most exciting and controversial philosophical movements today. This book explores how it is reshaping thought about philosophical method. Experimental philosophy imports experimental methods and findings from psychology into philosophy. These fresh resources can be used to develop and defend both armchair methods and naturalist approaches, on an empirical basis. This outstanding collection brings together leading proponents of this new meta-philosophical naturalism, from within and beyond experimental philosophy. They explore how the empirical study of philosophically relevant intuition and cognition transforms traditional philosophical approaches and facilitates fresh ones. Part One examines important uses of traditional "armchair" methods which are not threatened by experimental work and develops empirically informed accounts of such methods that can potentially stand up to experimental scrutiny. | ||
| 650 | _aSpeculative philosophy. | ||
| 650 | _aEducation, research, related topics of philosophy. | ||
| 700 |
_aFischer, Eugen _eEditor |
||
| 700 |
_aCollins, John _eEditor |
||
| 942 |
_2ddc _cBK _n0 |
||
| 999 |
_c492722 _d492722 |
||